000 00391 a2200157 4500
005 20250528161831.0
020 _a0-02-379260-4
082 _a519.5 McC
100 _aMcCLAVE, J. T.
245 _aStatistics
250 _a4th Ed.
260 _aLondon,
_bDellen/Macmillan,
_c1988.
300 _axx, 1014p.: figure, graph, table
_bIndex.
_c24cm.
700 _aDIETRICH, F. H.
942 _2ddc
_cBKS
999 _c1189
_d1189